000 01116nam a22002417a 4500
999 _c179069
_d179069
010 _aB-739839
020 _a9788190734134
_c300.00
035 _aB-739839
037 _bडी.बी.ए.डी./ उपहार
082 _a363.34
100 _aमिश्र, शिवगोपाल
245 _aप्राकृतिक आपदाएँ /
_cशिवगोपाल मिश्र
246 _aPraakritika aapadaaen
_bby Shivgopal Mishra
260 _aदिल्ली
_bज्ञान गंगा
_c2008
270 _a205-सी चावड़ी बाजार,
_bदिल्ली
_e110006
300 _a191पृ. :
_bसचित्र
_c22सेमी. (सजिल्द)
650 _aप्राकृतिक आपदाएँ
650 _aNatural disasters.
650 _aआपातकालीन प्रबंधन
650 _aEmergency management.
942 _2ddc
_cHN
_mमिश्रशि
_h363.34